[Event "SR 5. liga SE-SI 2012/2013"]
[Site "?"]
[Date "2012.10.06"]
[Round "1.3"]
[White "Huska, Branislav"]
[Black "Sukopcak, Miroslav"]
[Result "0-1"]
[WhiteElo "1574"]
[BlackElo "1712"]
[PlyCount "76"]
[EventDate "2012.??.??"]

1. e4 c5 2. Nf3 d6 3. d4 cxd4 4. Nxd4 a6 5. c4 e5 6. Nc2 Be7 7. Nc3 Nf6 8. Be2
Nc6 9. O-O h6 10. Be3 Be6 11. f3 Qc7 12. Nd5 Bxd5 13. cxd5 Nb8 14. Qd2 Nbd7 15.
Rac1 Qd8 16. a4 O-O 17. a5 Nh7 18. Na3 Bg5 19. Nc4 Bxe3+ 20. Qxe3 Qe7 21. Rc2
Rac8 22. Rfc1 f5 23. Nb6 Nxb6 24. Qxb6 Rxc2 25. Rxc2 fxe4 26. Rc7 Qf6 27. Qxb7
Ng5 28. h4 Nf7 29. fxe4 Qxh4 30. Qxa6 Qxe4 31. Qd3 Qb4 32. Qc3 Qe4 33. Bf3 Qh4
34. a6 e4 35. Be2 Ne5 36. Qe3 Qe1+ 37. Kh2 Ng4+ 38. Bxg4 Qxe3 0-1

[Event "SR 5. liga SE-SI 2012/2013"]
[Site "?"]
[Date "2012.10.06"]
[Round "1.3"]
[White "Vasek, Rudolf"]
[Black "Kanka, Tomas"]
[Result "1/2-1/2"]
[WhiteElo "1453"]
[BlackElo "1435"]
[PlyCount "58"]
[EventDate "2012.??.??"]

1. d4 Nf6 2. f4 d5 3. Nf3 e6 4. c3 Be7 5. e3 O-O 6. Bd3 c5 7. O-O c4 8. Bc2 a6
9. Qe2 Nbd7 10. Nbd2 Qa5 11. e4 b5 12. e5 Ne8 13. Nb1 b4 14. Ng5 g6 15. Bd1 Ng7
16. Bd2 f6 17. exf6 Nxf6 18. Nf3 Ne4 19. Ne5 Nxd2 20. Qxd2 Qb6 21. g4 a5 22.
Bf3 Rb8 23. Rf2 Qd6 24. Kg2 Ba6 25. Re2 Rb6 26. Qe3 Rfb8 27. Qf2 Rf8 28. Qe3
Rfb8 29. Qf2 Rf8 1/2-1/2

[Event "SR 5. liga SE-SI 2012/2013"]
[Site "?"]
[Date "2012.10.06"]
[Round "1.3"]
[White "Cibula, Jozef"]
[Black "Rehak, Miroslav"]
[Result "0-1"]
[WhiteElo "1334"]
[BlackElo "1446"]
[PlyCount "64"]
[EventDate "2012.??.??"]

1. e4 d6 2. d4 g6 3. f3 Bg7 4. Be3 Nf6 5. Nc3 c6 6. Bd3 Nbd7 7. Nge2 Nb6 8. Ng3
O-O 9. Qe2 Nfd7 10. O-O-O e5 11. d5 cxd5 12. Nxd5 Nxd5 13. exd5 Qa5 14. Bc4 a6
15. Ne4 Qc7 16. f4 b5 17. Bb3 Nf6 18. Qf3 Nxe4 19. Qxe4 Bf5 20. Qb4 Rfc8 21.
Rd2 Rab8 22. a4 a5 23. Qa3 b4 24. Qa2 Rb7 25. h3 Qe7 26. g4 exf4 27. Bxf4 Bd7
28. Bc4 Rbc7 29. Qb3 Rxc4 30. Be3 Bxa4 31. Qxa4 Qxe3 32. Kd1 Qf3+ 0-1

[Event "SR 5. liga SE-SI 2012/2013"]
[Site "?"]
[Date "2012.10.06"]
[Round "1.3"]
[White "Lauko, Tomas"]
[Black "Kridl, Oliver"]
[Result "1-0"]
[WhiteElo "1000"]
[BlackElo "1000"]
[PlyCount "103"]
[EventDate "2012.??.??"]

1. e4 e6 2. Nf3 d5 3. e5 c5 4. c4 Nc6 5. cxd5 exd5 6. Nc3 Bf5 7. Bb5 a6 8.
Bxc6+ bxc6 9. Qa4 Qc7 10. Nxd5 Qb7 11. Ne3 Nh6 12. O-O Be7 13. d4 O-O-O 14.
dxc5 Bxc5 15. Nxf5 Nxf5 16. Qc4 Ba7 17. Ng5 Rd4 18. Qe2 c5 19. Be3 Nh4 20. f3
Rd5 21. Bf4 h6 22. Ne4 Re8 23. Rad1 g5 24. Rxd5 Qxd5 25. Qxa6+ Kb8 26. Qb5+ Kc7
27. Qxe8 c4+ 28. Kh1 Qd3 29. Qxf7+ Kc6 30. Rc1 Kb5 31. Qxa7 Qe2 32. Qb7+ Ka4
33. b3+ Ka3 34. Qa7+ Kb2 35. Nf2 gxf4 36. Rd1 Nf5 37. bxc4 Ne3 38. Qd4+ Kc2 39.
Qe4+ Kc3 40. Rc1+ Kd2 41. Rc2+ Nxc2 42. Qxe2+ Kxe2 43. e6 Kxf2 44. e7 Nd4 45.
e8=Q Nxf3 46. gxf3 Kxf3 47. Qe5 Kg4 48. Kg2 f3+ 49. Kf2 h5 50. Ke3 h4 51. Qf4+
Kh5 52. Ke4 1-0

[Event "SR 5. liga SE-SI 2012/2013"]
[Site "?"]
[Date "2012.10.06"]
[Round "1.3"]
[White "Rajec, Matus"]
[Black "Daniel, Michal"]
[Result "0-1"]
[WhiteElo "1000"]
[BlackElo "1000"]
[PlyCount "106"]
[EventDate "2012.??.??"]

1. e4 e6 2. d4 c5 3. Nf3 Qb6 4. Be3 Qxb2 5. Nbd2 Qb6 6. Rb1 Qc7 7. Nb3 d6 8.
Bb5+ Bd7 9. Bxd7+ Nxd7 10. O-O Ngf6 11. dxc5 dxc5 12. Nbd2 c4 13. c3 Bc5 14.
Qe2 Bxe3 15. Qxe3 h6 16. h3 O-O 17. e5 Nd5 18. Qd4 Nc5 19. Qxc4 Rac8 20. Rfe1
Qe7 21. Rb2 Na6 22. Qb3 b6 23. c4 Nf4 24. Re4 Nc5 25. Qa3 Nfd3 26. Rb1 Rc7 27.
Re3 Rd8 28. Ne1 Nf4 29. Rf3 Qg5 30. Qe3 Ng6 31. Qxg5 hxg5 32. Nb3 Nxe5 33. Rg3
f6 34. Rc1 Ne4 35. Re3 f5 36. f3 Nxc4 37. Re2 Nf6 38. Rxe6 Rdc8 39. Rc2 Nd5 40.
Ree2 Nd6 41. Nd4 Rxc2 42. Rxc2 Re8 43. Re2 Rxe2 44. Nxe2 f4 45. g3 fxg3 46.
Nxg3 Nc3 47. a3 Nc4 48. Nc2 a5 49. Nf5 b5 50. Kf1 Nb1 51. Ke1 Nbxa3 52. Nxa3
Nxa3 53. Kd1 Kf7 0-1

[Event "SR 5. liga SE-SI 2012/2013"]
[Site "?"]
[Date "2012.10.13"]
[Round "2.1"]
[White "Jarabek, Milan"]
[Black "Huska, Branislav"]
[Result "1-0"]
[WhiteElo "1663"]
[BlackElo "1574"]
[PlyCount "60"]
[EventDate "2012.??.??"]

1. e4 c5 2. Nf3 d6 3. d4 cxd4 4. Nxd4 Nf6 5. Nc3 a6 6. Bc4 e6 7. Bb3 Be7 8. Be3
Qc7 9. Qe2 Nc6 10. O-O-O Nxd4 11. Bxd4 b5 12. e5 dxe5 13. Bxe5 Qb6 14. g4 O-O
15. Kb1 Rd8 16. g5 Ne8 17. Rxd8 Qxd8 18. Rd1 Qb6 19. h4 Nd6 20. h5 Nf5 21. g6
f6 22. gxh7+ Kh8 23. Bf4 Nd4 24. Qe4 Bb7 25. Qxd4 Bc5 26. Qd3 f5 27. Qg3 Bxf2
28. Qg6 Bf3 29. h6 Bd4 30. Be3 Bxd1 1-0

[Event "SR 5. liga SE-SI 2012/2013"]
[Site "?"]
[Date "2012.10.13"]
[Round "2.1"]
[White "Kanka, Tomas"]
[Black "Antalek, Rudolf"]
[Result "1-0"]
[WhiteElo "1435"]
[BlackElo "1123"]
[PlyCount "95"]
[EventDate "2012.??.??"]

1. e4 e5 2. Nf3 Nc6 3. Bc4 Nf6 4. Ng5 Bc5 5. Bxf7+ Kf8 6. Bb3 d5 7. exd5 Nxd5
8. Qf3+ Nf6 9. c3 Qe7 10. d3 Bd7 11. h3 h5 12. Be3 Bb6 13. Nd2 Rh6 14. O-O a5
15. Nc4 Ra6 16. Nxb6 cxb6 17. a4 Ke8 18. Rfe1 Nh7 19. Ne4 g5 20. Qg3 Rg6 21. h4
g4 22. Rad1 Nf6 23. Bg5 Be6 24. Nxf6+ Rxf6 25. Bxf6 Qxf6 26. Bxe6 Qxe6 27. Re4
Kd7 28. d4 Qf5 29. dxe5+ Ke7 30. Qd3 Ra8 31. Qd6+ Kf7 32. e6+ Kf6 33. Rf4 Rd8
34. Rxf5+ Kxf5 35. Rd5+ Kf6 36. Qxd8+ Nxd8 37. Rxd8 Kxe6 38. Rh8 Kf6 39. Rxh5
Kg6 40. Rg5+ Kf6 41. Rxg4 Kf5 42. f3 Ke5 43. h5 Kf6 44. h6 b5 45. h7 bxa4 46.
h8=Q+ Kf7 47. Qh6 b6 48. Rg7+ 1-0

[Event "SR 5. liga SE-SI 2012/2013"]
[Site "?"]
[Date "2012.10.13"]
[Round "2.1"]
[White "Spanik, Ondrej"]
[Black "Hurban, Tomas"]
[Result "0-1"]
[WhiteElo "1278"]
[BlackElo "1352"]
[PlyCount "72"]
[EventDate "2012.??.??"]

1. e4 e5 2. Bc4 Nc6 3. d3 Bc5 4. Qh5 g6 5. Qf3 Qf6 6. Qg3 Nb4 7. Na3 h6 8. c3
Na6 9. Nc2 d6 10. Ne3 c6 11. Ng4 Bxg4 12. Qxg4 Qxf2+ 13. Kd1 Qf1+ 14. Kc2 Bxg1
15. Bd2 Qxa1 16. Bc1 Be3 17. Re1 Nf6 18. Qf3 b5 19. Bb3 Nc5 20. Qxe3 Nxb3 21.
Kxb3 a5 22. Qe2 b4 23. c4 a4+ 24. Kxb4 Qxa2 25. Qc2 Rb8+ 26. Kc3 Rb3+ 27. Kd2
O-O 28. h3 Rfb8 29. Re2 Rxb2 30. Bxb2 Rxb2 31. Kc3 Rxc2+ 32. Rxc2 Qa1+ 33. Rb2
a3 34. Kb4 axb2 35. Kc3 b1=R+ 36. Kd2 Qd4 0-1

[Event "SR 5. liga SE-SI 2012/2013"]
[Site "?"]
[Date "2012.10.13"]
[Round "2.1"]
[White "Petras, Michal"]
[Black "Spacek, Jan"]
[Result "1-0"]
[WhiteElo "1251"]
[BlackElo "1000"]
[PlyCount "153"]
[EventDate "2012.??.??"]

1. e4 e5 2. Nf3 Nc6 3. Bc4 Bc5 4. c3 d6 5. O-O Bg4 6. d3 Qf6 7. h3 Bxf3 8. Qxf3
Qxf3 9. gxf3 Nf6 10. Bg5 O-O-O 11. Nd2 h6 12. Bh4 g5 13. Bg3 h5 14. Bxf7 Rdf8
15. Bc4 g4 16. fxg4 hxg4 17. hxg4 Nxg4 18. Be6+ Kd8 19. Bxg4 Rfg8 20. Kg2 Rxg4
21. Kf3 Rg6 22. Rh1 Rgh6 23. Rxh6 Rxh6 24. Ke2 Ne7 25. Rf1 Ng6 26. Nf3 Nf4+ 27.
Bxf4 exf4 28. d4 Bb6 29. Ng5 Rg6 30. Nh3 Rf6 31. Kf3 c5 32. dxc5 Bxc5 33. Nxf4
a5 34. Kg4 b5 35. Kg5 Rf7 36. Ne6+ Ke7 37. Nxc5 dxc5 38. f4 Rg7+ 39. Kf5 Kf7
40. Ke5 Ke8 41. f5 Re7+ 42. Kd5 Rc7 43. c4 bxc4 44. Kxc4 a4 45. Kd5 Ke7 46. e5
Rd7+ 47. Kxc5 Rc7+ 48. Kd5 Rd7+ 49. Ke4 Ke8 50. e6 Rb7 51. Rf2 Ke7 52. f6+ Kxe6
53. f7 Rxf7 54. Rxf7 Kxf7 55. Kd4 a3 56. b3 Ke7 57. Kc4 Kd7 58. Kb4 Kc6 59.
Kxa3 Kb5 60. b4 Kb6 61. Kb3 Kb5 62. a4+ Ka6 63. Kc4 Kb6 64. a5+ Ka6 65. Kc5 Kb7
66. b5 Ka7 67. Kc6 Kb8 68. a6 Ka8 69. b6 Kb8 70. b7 Ka7 71. Kc7 Kxa6 72. b8=Q
Ka5 73. Kc6 Ka4 74. Kc5 Ka3 75. Kc4 Ka2 76. Kc3 Ka1 77. Qb2# 1-0

[Event "SR 5. liga SE-SI 2012/2013"]
[Site "?"]
[Date "2012.10.13"]
[Round "2.2"]
[White "Baumgartner, Milan"]
[Black "Mudroch, Martin"]
[Result "1-0"]
[WhiteElo "1558"]
[BlackElo "1309"]
[PlyCount "45"]
[EventDate "2012.??.??"]

1. c4 e5 2. Nc3 Nf6 3. e4 Bc5 4. h3 Nc6 5. a3 O-O 6. d3 h6 7. Be3 b6 8. Nf3 d6
9. Be2 Re8 10. O-O Bd7 11. Qd2 Bxe3 12. fxe3 Ne7 13. d4 exd4 14. exd4 Nc6 15.
Bd3 Qc8 16. Qf2 Qb7 17. Qg3 Re7 18. Nh4 Nh5 19. Qe3 Rae8 20. Rf2 Nd8 21. Raf1
Nf6 22. Rxf6 gxf6 23. Qxh6 1-0

[Event "SR 5. liga SE-SI 2012/2013"]
[Site "?"]
[Date "2012.10.13"]
[Round "2.2"]
[White "Trojkova, Michaela"]
[Black "Danihel, Jozef"]
[Result "0-1"]
[WhiteElo "1199"]
[BlackElo "1566"]
[PlyCount "150"]
[EventDate "2012.??.??"]

1. e4 d5 2. exd5 Nf6 3. Bb5+ c6 4. dxc6 bxc6 5. Be2 e5 6. Nc3 Bc5 7. d3 O-O 8.
Bg5 h6 9. Bh4 Bf5 10. Nf3 Nbd7 11. O-O Bb6 12. Bxf6 Nxf6 13. Nxe5 Qd6 14. Nc4
Qb8 15. Nxb6 axb6 16. Re1 Qc7 17. Bf3 b5 18. Ne4 Nd5 19. Ng3 Bh7 20. Bxd5 cxd5
21. c3 f5 22. Qf3 Rad8 23. Ne2 g5 24. Nd4 g4 25. Qg3 Qxg3 26. hxg3 f4 27. gxf4
Rde8 28. Ne6 Rf7 29. d4 Rfe7 30. f5 Bxf5 31. Re5 Bxe6 32. Rae1 Kf7 33. a3 Bd7
34. Rxe7+ Rxe7 35. Rxe7+ Kxe7 36. f4 g3 37. Kf1 Bg4 38. Ke1 h5 39. b3 Kf6 40.
a4 bxa4 41. bxa4 Bc8 42. Ke2 Ba6+ 43. Kf3 h4 44. Kg4 Kg6 45. Kxh4 Kf5 46. Kxg3
Bc4 47. Kf3 Bd3 48. g4+ Kf6 49. g5+ Kf5 50. Ke3 Bc4 51. a5 Ba6 52. Kf3 Bd3 53.
Kg3 Bc4 54. Kh4 Be2 55. a6 Bxa6 56. Kh5 Bb5 57. Kh6 Be8 58. Kg7 Kxf4 59. g6 Kf5
60. Kf8 Bxg6 61. Ke7 Ke4 62. Kd6 Bf7 63. Kc5 Kd3 64. Kb4 Be6 65. Kb3 Bc8 66.
Kb4 Ba6 67. Kb3 Bc4+ 68. Kb2 Kd2 69. Kb1 Kxc3 70. Kc1 Kxd4 71. Kd2 Bb3 72. Kc1
Kc3 73. Kb1 d4 74. Kc1 d3 75. Kb1 d2 0-1

[Event "SR 5. liga SE-SI 2012/2013"]
[Site "?"]
[Date "2012.10.13"]
[Round "2.2"]
[White "Hornacek, Vendelin"]
[Black "Buran, Andrej ml"]
[Result "1/2-1/2"]
[WhiteElo "1563"]
[BlackElo "1152"]
[PlyCount "41"]
[EventDate "2012.??.??"]

1. e4 e5 2. Nf3 Nc6 3. Bc4 Bc5 4. O-O Nf6 5. d3 d6 6. Bg5 Be6 7. Bxe6 fxe6 8.
Nc3 O-O 9. Ne2 Qd7 10. Ng3 Rae8 11. Nh4 Ne7 12. Qd2 d5 13. Qe2 h6 14. Be3 Qc6
15. c4 b6 16. cxd5 exd5 17. exd5 Qxd5 18. Nhf5 Nxf5 19. Nxf5 e4 20. Bxc5 exd3
21. Ne7+ 1/2-1/2

[Event "SR 5. liga SE-SI 2012/2013"]
[Site "?"]
[Date "2012.10.13"]
[Round "2.2"]
[White "Nater, Nikolas"]
[Black "Pekar, Pavol"]
[Result "0-1"]
[WhiteElo "1000"]
[BlackElo "1000"]
[PlyCount "94"]
[EventDate "2012.??.??"]

1. e4 e6 2. Nc3 a6 3. Nf3 h6 4. Bc4 Bc5 5. d3 Nf6 6. O-O Nc6 7. Bf4 Ng4 8. h3
Nxf2 9. Qd2 Nxe4+ 10. Kh1 Nxd2 11. Bxd2 d5 12. Bxh6 Rxh6 13. Ng5 Qxg5 14. Rf3
dxc4 15. Raf1 Rf6 16. Ne4 Qe5 17. Nxf6+ gxf6 18. Rxf6 Qxf6 19. Rxf6 Ke7 20. Rf1
Bd7 21. g4 Rh8 22. Kh2 Bd6+ 23. Kg2 Nd4 24. Rh1 Bc6+ 25. Kg1 Bxh1 26. Kxh1
Rxh3+ 27. Kg2 Rg3+ 28. Kf2 Nxc2 29. dxc4 Be5 30. b3 f5 31. gxf5 exf5 32. a4 f4
33. b4 Nxb4 34. c5 Ke6 35. a5 Kd5 36. c6 Kxc6 37. Kf1 Re3 38. Kf2 Kb5 39. Kf1
Kxa5 40. Kf2 Kb5 41. Kf1 a5 42. Kf2 a4 43. Kf1 a3 44. Kf2 Nd3+ 45. Kf1 a2 46.
Kg2 a1=Q 47. Kh2 Qb2+ 0-1

[Event "SR 5. liga SE-SI 2012/2013"]
[Site "?"]
[Date "2012.10.13"]
[Round "2.3"]
[White "Klimesova, Lucia"]
[Black "Benak, Peter"]
[Result "1/2-1/2"]
[WhiteElo "1516"]
[BlackElo "1594"]
[PlyCount "49"]
[EventDate "2012.??.??"]

1. e4 Nf6 2. Nc3 d5 3. exd5 Nxd5 4. Nxd5 Qxd5 5. c4 Qf5 6. Nf3 e6 7. Be2 Nc6 8.
a3 a5 9. d4 Be7 10. O-O O-O 11. Bd3 Qh5 12. Be2 f6 13. Ne5 Qe8 14. Nxc6 Qxc6
15. d5 Qd6 16. Bf3 e5 17. Bd2 Bf5 18. Re1 Rfd8 19. b4 axb4 20. Bxb4 Qd7 21. c5
c6 22. dxc6 bxc6 23. Qxd7 Bxd7 24. Red1 Be8 25. g4 1/2-1/2

[Event "SR 5. liga SE-SI 2012/2013"]
[Site "?"]
[Date "2012.10.13"]
[Round "2.3"]
[White "Cambal, Peter"]
[Black "Nemeckay, Dominik"]
[Result "0-1"]
[WhiteElo "1000"]
[BlackElo "1424"]
[PlyCount "108"]
[EventDate "2012.??.??"]

1. e4 e5 2. Nf3 Nc6 3. Bc4 Bc5 4. O-O Nf6 5. Nc3 d6 6. d3 Bg4 7. Bg5 Nd4 8. Nd5
Nxf3+ 9. gxf3 Bh3 10. Re1 h6 11. Bxf6 gxf6 12. f4 Rg8+ 13. Kh1 Bg2+ 14. Kg1
Bf3+ 15. Kf1 Bxd1 16. Raxd1 c6 17. Nc3 Bb4 18. Re3 Bxc3 19. bxc3 exf4 20. Rf3
Rg4 21. h3 Rh4 22. d4 Qc7 23. Ke2 O-O-O 24. d5 cxd5 25. Bxd5 Re8 26. Rd4 Re7
27. Rc4 Qxc4+ 28. Bxc4 Rxe4+ 29. Kd3 Re1 30. Bxf7 Kd7 31. Kd2 Rh1 32. Bc4 R1xh3
33. Bb5+ Ke6 34. Rxh3 Rxh3 35. Bc4+ d5 36. Bf1 Rf3 37. Ke2 Rxc3 38. Kd2 Ra3 39.
f3 Rxf3 40. Bd3 Rxd3+ 41. cxd3 h5 42. Ke2 h4 43. Kf3 h3 44. Kf2 Ke5 45. Kg1 f3
46. Kf2 h2 47. Kxf3 h1=Q+ 48. Ke2 Qc1 49. Kf3 Qd2 50. Kg4 Qe3 51. d4+ Ke4 52.
Kh5 Kf5 53. Kh4 Qf3 54. a3 Qg4# 0-1

[Event "SR 5. liga SE-SI 2012/2013"]
[Site "?"]
[Date "2012.10.13"]
[Round "2.3"]
[White "Tomasovic, Pavol"]
[Black "Sefcik, Oliver"]
[Result "1-0"]
[WhiteElo "1304"]
[BlackElo "1000"]
[PlyCount "111"]
[EventDate "2012.??.??"]

1. e4 e5 2. Nf3 Nc6 3. Bb5 Bc5 4. O-O Nf6 5. Re1 O-O 6. c3 d6 7. d4 Bb6 8. Bxc6
Re8 9. Bxe8 Qxe8 10. dxe5 dxe5 11. Bg5 Nd7 12. Nbd2 Nc5 13. Nc4 f6 14. Bh4 Qe6
15. Qd5 Na4 16. Rad1 c6 17. Qxe6+ Bxe6 18. Nxb6 axb6 19. Rd2 Bxa2 20. Red1 Ra5
21. Rd8+ Kf7 22. R1d2 Rb5 23. c4 Rc5 24. g4 Rxc4 25. g5 fxg5 26. Nxe5+ Kf6 27.
Nxc4 gxh4 28. Ra8 b5 29. Nd6 Nb6 30. Rxa2 Ke5 31. Nxb7 Kxe4 32. Nc5+ Kf3 33.
Ra3+ Kf4 34. Rd4+ Ke5 35. Rxh4 Nc4 36. Nd3+ Kd5 37. Ra7 g5 38. Rhxh7 Kd4 39.
Rad7+ Ke4 40. Kg2 c5 41. h4 b4 42. hxg5 Nb6 43. Nxc5+ Kf4 44. Rd4+ Kxg5 45.
Rxb4 Nd5 46. Rd4 Nf6 47. Ra7 Kf5 48. Kg3 Ke5 49. Rh4 Kd5 50. Ra5 Kc6 51. Nb3
Kb6 52. Rh6 Kb7 53. Rxf6 Kc7 54. Ra7+ Kb8 55. Rh7 Kc8 56. Rf8# 1-0

[Event "SR 5. liga SE-SI 2012/2013"]
[Site "?"]
[Date "2012.10.13"]
[Round "2.3"]
[White "Steiner, Juraj"]
[Black "Drinka, Robert"]
[Result "0-1"]
[WhiteElo "1000"]
[BlackElo "1290"]
[PlyCount "78"]
[EventDate "2012.??.??"]

1. e4 e5 2. Bc4 Nf6 3. Nf3 Nc6 4. O-O Bc5 5. d3 d6 6. Be3 Bb6 7. Nc3 Be6 8. g3
Bg4 9. Nd5 Nxd5 10. exd5 Nd4 11. Bxd4 Bxd4 12. Kg2 O-O 13. c3 Bb6 14. Re1 c6
15. Re4 f5 16. Re3 Bxe3 17. fxe3 e4 18. dxc6+ Kh8 19. cxb7 Rb8 20. Bd5 Bxf3+
21. Kg1 Bxd1 22. Rxd1 Qb6 23. Re1 exd3 24. h3 Rfe8 25. Kg2 Re7 26. Rd1 Qxb2+
27. Kh1 Qxc3 28. Rb1 d2 29. Kg2 Rxe3 30. Kf2 Qd3 31. Re1 Qxd5 32. Rxe3 d1=N+
33. Ke2 Nxe3 34. Kxe3 Rxb7 35. a4 Rb2 36. Kf4 Qe4+ 37. Kg5 h6+ 38. Kg6 f4+ 39.
Kh5 Qf5+ 0-1

[Event "SR 5. liga SE-SI 2012/2013"]
[Site "?"]
[Date "2012.10.13"]
[Round "2.3"]
[White "Cerna, Lucia"]
[Black "Sefcik, Marek"]
[Result "1-0"]
[WhiteElo "1122"]
[BlackElo "1000"]
[PlyCount "57"]
[EventDate "2012.??.??"]

1. e4 d5 2. exd5 Qxd5 3. Nc3 Qa5 4. Nf3 e5 5. Bc4 Bc5 6. d4 Be7 7. dxe5 Nc6 8.
Qe2 f6 9. Bf4 b6 10. Bb5 Bb7 11. O-O-O a6 12. Ba4 b5 13. Bb3 Rd8 14. Nd5 Bf8
15. Bd2 b4 16. exf6+ Nce7 17. Bxb4 gxf6 18. Bxa5 Rxd5 19. Bxd5 Bxd5 20. Rxd5 c6
21. Rd6 Kf7 22. Qe6+ Kg6 23. Nh4+ Kh5 24. Qe2+ Kxh4 25. Rhd1 Ng6 26. Bd2 Bxd6
27. Qe4+ Kh5 28. Qf3+ Kh4 29. Qh3# 1-0

[Event "SR 5. liga SE-SI 2012/2013"]
[Site "?"]
[Date "2012.10.20"]
[Round "3.1"]
[White "Vogl, Zdenek"]
[Black "Wallner, Juraj"]
[Result "1-0"]
[WhiteElo "1945"]
[BlackElo "1495"]
[PlyCount "23"]
[EventDate "2012.??.??"]

1. e4 c5 2. Nf3 e6 3. d4 d5 4. exd5 exd5 5. Bb5+ Nc6 6. O-O Nf6 7. Re1+ Be6 8.
Ne5 Qb6 9. Qe2 cxd4 10. Nxf7 Kxf7 11. Qxe6+ Kg6 12. Bd3+ 1-0

[Event "SR 5. liga SE-SI 2012/2013"]
[Site "?"]
[Date "2012.10.20"]
[Round "3.1"]
[White "Klimesova, Lucia"]
[Black "Baumgartner, Milan"]
[Result "1-0"]
[WhiteElo "1516"]
[BlackElo "1558"]
[PlyCount "51"]
[EventDate "2012.??.??"]

1. e4 e5 2. Nf3 Nc6 3. Bc4 Bc5 4. O-O h6 5. d3 Nge7 6. Nc3 O-O 7. a3 d6 8. h3
Kh7 9. Be3 Bb6 10. Nd5 f5 11. Bxb6 axb6 12. exf5 Bxf5 13. Ne3 Bg6 14. Nh4 Qe8
15. Nd5 Nxd5 16. Bxd5 Rd8 17. Nxg6 Qxg6 18. Be4 Rf5 19. f4 d5 20. Bxf5 Qxf5 21.
fxe5 Qxe5 22. c3 d4 23. c4 Ne7 24. Re1 Qd6 25. Qf3 c6 26. Qe4+ 1-0

[Event "SR 5. liga SE-SI 2012/2013"]
[Site "?"]
[Date "2012.10.20"]
[Round "3.1"]
[White "Danihel, Jozef"]
[Black "Tomasovic, Pavol"]
[Result "1-0"]
[WhiteElo "1566"]
[BlackElo "1304"]
[PlyCount "81"]
[EventDate "2012.??.??"]

1. d4 d5 2. c4 e6 3. Nc3 Nf6 4. Bg5 Be7 5. Nf3 O-O 6. e3 Nbd7 7. Bd3 c6 8. a3
dxc4 9. Bxc4 Nd5 10. Bxe7 Qxe7 11. Qc2 N7f6 12. Ne5 c5 13. Rd1 cxd4 14. Rxd4 a6
15. O-O b5 16. Ba2 Bb7 17. Bb1 Rad8 18. Rfd1 g6 19. Qd3 Qc7 20. Nxd5 Bxd5 21.
f4 Be4 22. Qc3 Qxc3 23. bxc3 Rxd4 24. exd4 Bxb1 25. Rxb1 Nd5 26. a4 Nxc3 27.
Rb4 Nd5 28. Rb2 bxa4 29. Nd7 a3 30. Ra2 Ra8 31. g3 a5 32. Rxa3 Ra7 33. Nc5 Nb6
34. Kf2 a4 35. Kf3 Kf8 36. h4 Ke7 37. Ke2 Kd6 38. Kd3 Kd5 39. Ne4 Kc6 40. Nc3
Kd6 41. Nb5+ 1-0

[Event "SR 5. liga SE-SI 2012/2013"]
[Site "?"]
[Date "2012.10.20"]
[Round "3.1"]
[White "Drinka, Robert"]
[Black "Geher, Stanislav"]
[Result "0-1"]
[WhiteElo "1290"]
[BlackElo "1493"]
[PlyCount "30"]
[EventDate "2012.??.??"]

1. e4 e6 2. d4 d5 3. e5 c5 4. c3 Nc6 5. f4 Qb6 6. Nf3 cxd4 7. cxd4 Bb4+ 8. Nc3
Nge7 9. Bd3 Nxd4 10. Be3 Nxf3+ 11. Qxf3 d4 12. Bf2 Nd5 13. a3 Qa5 14. Bb5+ Qxb5
15. axb4 dxc3 0-1

[Event "SR 5. liga SE-SI 2012/2013"]
[Site "?"]
[Date "2012.10.20"]
[Round "3.1"]
[White "Davidik, Miroslav"]
[Black "Cerna, Lucia"]
[Result "1-0"]
[WhiteElo "1452"]
[BlackElo "1122"]
[PlyCount "37"]
[EventDate "2012.??.??"]

1. e4 e5 2. f4 Nc6 3. Nf3 f6 4. f5 d5 5. exd5 Qxd5 6. Nc3 Qd8 7. Bd3 Bc5 8. Ne4
Bd4 9. Ng3 Nge7 10. Nxd4 Qxd4 11. Qh5+ g6 12. fxg6 Nxg6 13. Bxg6+ Kd8 14. Bf5
Nb4 15. a3 Nd5 16. d3 Nf4 17. Qf3 Ng6 18. Bxg6 hxg6 19. Qxf6+ 1-0

[Event "SR 5. liga SE-SI 2012/2013"]
[Site "?"]
[Date "2012.10.20"]
[Round "3.2"]
[White "Kanka, Tomas"]
[Black "Pipiska, Adam"]
[Result "1-0"]
[WhiteElo "1435"]
[BlackElo "1674"]
[PlyCount "53"]
[EventDate "2012.??.??"]

1. e4 e5 2. Nf3 Nc6 3. Bc4 Nf6 4. Nc3 Bc5 5. O-O d6 6. d3 Be6 7. Nd5 Bxd5 8.
exd5 Ne7 9. c3 Nfxd5 10. a4 O-O 11. Qc2 a5 12. Ng5 Qd7 13. d4 Nf6 14. dxc5 d5
15. Ba2 h6 16. Nf3 Ng6 17. Be3 Ng4 18. Rad1 c6 19. h3 e4 20. Nd2 N4e5 21. Nxe4
Nf3+ 22. Kh1 Qf5 23. Nf6+ Qxf6 24. gxf3 Qxf3+ 25. Kh2 Nh4 26. Rg1 Nf5 27. Bb1
1-0

[Event "SR 5. liga SE-SI 2012/2013"]
[Site "?"]
[Date "2012.10.20"]
[Round "3.2"]
[White "Ocko, Martin"]
[Black "Petras, Michal"]
[Result "1/2-1/2"]
[WhiteElo "1661"]
[BlackElo "1251"]
[PlyCount "71"]
[EventDate "2012.??.??"]

1. d4 d5 2. c4 e6 3. Nc3 Bb4 4. Nf3 Nc6 5. e3 Nf6 6. Qc2 Bxc3+ 7. bxc3 O-O 8.
Bd3 h6 9. O-O Re8 10. cxd5 Qxd5 11. e4 Qd8 12. Bb5 Bd7 13. Rd1 a6 14. Be2 e5
15. d5 Ne7 16. Rb1 b6 17. Ba3 Ng6 18. c4 Nf4 19. Bb2 Nxe2+ 20. Qxe2 Bg4 21. h3
Bxf3 22. Qxf3 Qd6 23. Ba3 Qd7 24. d6 Re6 25. Qe3 Rb8 26. c5 b5 27. Rbc1 c6 28.
Bb4 Ra8 29. Re1 a5 30. Qa3 Qa7 31. Bd2 Nd7 32. Qe3 b4 33. Rc4 Rb8 34. Rb1 Rb5
35. Rbc1 Kf8 36. Kf1 1/2-1/2

[Event "SR 5. liga SE-SI 2012/2013"]
[Site "?"]
[Date "2012.10.20"]
[Round "3.2"]
[White "Kridl, Oliver"]
[Black "Trojkova, Michaela"]
[Result "1/2-1/2"]
[WhiteElo "1000"]
[BlackElo "1199"]
[PlyCount "54"]
[EventDate "2012.??.??"]

1. e4 e5 2. Nf3 Nc6 3. d4 exd4 4. Nxd4 Nxd4 5. Qxd4 d6 6. Nc3 Nf6 7. Bg5 Be7 8.
Bc4 Be6 9. Qd3 O-O 10. O-O h6 11. Bh4 Nd7 12. Bxe7 Qxe7 13. f3 Ne5 14. Nd5 Bxd5
15. Qxd5 Nxc4 16. Qxc4 c6 17. Rfd1 Rad8 18. Rd2 Rd7 19. Rad1 Rfd8 20. Qd4 a6
21. c4 c5 22. Qc3 f6 23. a3 Qe5 24. Qxe5 fxe5 25. Kf2 Kf7 26. Ke3 Kf6 27. g3 g5
1/2-1/2

[Event "SR 5. liga SE-SI 2012/2013"]
[Site "?"]
[Date "2012.10.20"]
[Round "3.2"]
[White "Buran, Andrej ml"]
[Black "Rajec, Matus"]
[Result "1-0"]
[WhiteElo "1152"]
[BlackElo "1000"]
[PlyCount "53"]
[EventDate "2012.??.??"]

1. e4 e5 2. Nf3 Nc6 3. Bc4 d6 4. d3 Nf6 5. O-O d5 6. exd5 Nxd5 7. Bb5 Qd7 8.
Nxe5 Qe6 9. Re1 Be7 10. Nxc6 Qd6 11. Nxe7+ Bd7 12. Nf5+ Qe6 13. Rxe6+ fxe6 14.
Bxd7+ Kxd7 15. Nxg7 Rhg8 16. Nh5 Rge8 17. c4 Re7 18. cxd5 exd5 19. Qg4+ Kd8 20.
Bg5 Ke8 21. Bxe7 Kxe7 22. Nd2 Kd6 23. Re1 c5 24. Re6+ Kc7 25. Qf4+ Kd7 26. Qd6+
Kc8 27. Re8# 1-0

[Event "SR 5. liga SE-SI 2012/2013"]
[Site "?"]
[Date "2012.10.20"]
[Round "3.2"]
[White "Babic, Stefan"]
[Black "Kaufman, Robert"]
[Result "0-1"]
[WhiteElo "1000"]
[BlackElo "1041"]
[PlyCount "60"]
[EventDate "2012.??.??"]

1. d4 d5 2. Nc3 Nf6 3. Bf4 Nc6 4. Nf3 e6 5. e3 Bd6 6. Bb5 O-O 7. Bd3 Bxf4 8.
exf4 Qd6 9. g3 Ng4 10. Nb5 Qb4+ 11. Nd2 a6 12. Nxc7 Qxd4 13. O-O Rb8 14. Nb3
Qb6 15. Nxa6 bxa6 16. Qxg4 e5 17. Qd1 Bh3 18. Re1 e4 19. Bf1 Bxf1 20. Rxf1 Rbd8
21. Qd2 Rfe8 22. Rae1 d4 23. Kh1 e3 24. fxe3 dxe3 25. Qe2 Nd4 26. Nxd4 Qxd4 27.
c3 Qe4+ 28. Rf3 Rd2 29. Qxe3 Qxf3+ 30. Qxf3 Rxe1+ 0-1

[Event "SR 5. liga SE-SI 2012/2013"]
[Site "?"]
[Date "2012.10.20"]
[Round "3.3"]
[White "Vasek, Rudolf"]
[Black "Jarabek, Milan"]
[Result "1/2-1/2"]
[WhiteElo "1453"]
[BlackElo "1663"]
[PlyCount "113"]
[EventDate "2012.??.??"]

1. f4 d5 2. d4 Nf6 3. Nf3 e6 4. c3 c5 5. e3 Nc6 6. Be2 Qb6 7. Qc2 cxd4 8. exd4
Ne4 9. Nbd2 f5 10. O-O Bd6 11. Ne5 Nxe5 12. fxe5 Bxe5 13. Nf3 Bd6 14. Kh1 Bd7
15. c4 dxc4 16. Bxc4 O-O 17. b3 Rac8 18. Be3 Qc7 19. Qb2 b5 20. Bd3 Qb7 21.
Rac1 f4 22. Bg1 Qd5 23. Bxe4 Qxe4 24. Qd2 Ba3 25. Rce1 Qc2 26. Re2 Qxd2 27.
Nxd2 Rc2 28. Rff2 Rxa2 29. Nf3 Rxe2 30. Rxe2 Bd6 31. Ra2 Bb8 32. h4 Rc8 33. Ne5
Bxe5 34. dxe5 Ra8 35. Rxa7 Rxa7 36. Bxa7 Kf7 37. b4 Kg6 38. Kh2 Kf5 39. Bb8 Kg4
40. Bd6 Kxh4 41. Be7+ Kg4 42. Bd6 g5 43. Kg1 f3 44. Kf2 fxg2 45. Kxg2 Bc6+ 46.
Kh2 h5 47. Be7 Kf4 48. Bf6 g4 49. Kg1 g3 50. Bh4 g2 51. Bf6 Kg4 52. Kh2 h4 53.
Be7 h3 54. Bd6 Kf3 55. Kg1 h2+ 56. Kxh2 Kf2 57. Bc5+ 1/2-1/2